000 00945nac a22002651i 4500
003 EG-ScBUE
005 20260120100732.0
008 260120s2003 cauab f 001 0 eng d
020 _a0534397719 (alk. paper)
020 _a9780534397753
040 _aEG-ScBUE
_beng
_erda
_cEG-ScBUE
_dEG-ScBUE
082 0 4 _a551.5
_bAHR
_222
100 1 _aAhrens, C. Donald,
_eauthor.
245 1 0 _aMeteorology today :
_ban introduction to weather, climate, and the environment /
_cC. Donald Ahrens, Modesto Junior College.
250 _aSeventh edition.
264 1 _aPacific Grove, CA :
_bThomson/Brooks/Cole,
_c2003.
300 _a1 volume (various pagings) :
_billustrations (some color), maps (some color) ;
_c29 cm
336 _2rdacontent
_atext
_btxt
337 _aunmediated
_2rdamedia
_bn
338 _avolume
_bnc
_2rdacarrier
500 _aIncludes index.
650 7 _aMeteorology.
_2BUEsh
655 _vReading book
942 _cBB
_2ddc
999 _c2798
_d2798